| 000 | 00606nam a2200169Ia 4500 | ||
|---|---|---|---|
| 999 |
_c14834 _d14834 |
||
| 082 | _aTR.0122 | ||
| 100 | _aRoy, Ajit Kumar | ||
| 245 | 0 | _aHistorical evolution of corporation tax in India | |
| 260 |
_c1979 _bUniversity of Calcutta |
||
| 300 | _a521p. + C D - 52 | ||
| 650 | _aCORPORATION TAX//COMPANIES AND CORPORATIONS - TAXATION | ||
| 650 | _aCOMPANIES AND CORPORATIONS - TAXATION - INDIA | ||
| 650 | _aCORPORATION INCOME TAX//COMPANIES AND CORPORATIONS - TAXATION | ||
| 650 | _aFEDERAL CORPORATION TAX//COMPANIES AND CORPORATIONS - TAXATION | ||
| 710 | _aBhattacharya, Sukumar | ||
| 942 |
_cTH _2ddc |
||